Tilastot visalle Maailman pisimmät joet

Klikkaa tästä pelataksesi tätä visaa!

Yleistilastot

  • Tätä visaa on pelattu 424 kertaa
  • Keskiarvotulos 12 / 29

Vastaustilastot

KmJoki% Oikein
6 650Niili
96%
6 400Amazon
93%
6 275Mississippi
76%
2 888Tonava
75%
3 645Volga
69%
5 464Keltainenjoki
67%
6 300Jangtse
61%
4 700Kongo
54%
3 969
Brahmaputra /
Ganges
52%
4 400Lena
50%
4 200Niger
47%
5 410Ob
47%
4 350Mekong
43%
5 539Jenisei
38%
3 596Shatt al-Arab
36%
4 444Amur
35%
4 880Paraná
34%
3 610Indus
32%
3 057Rio Grande
30%
2 740Sambesi
29%
4 241Mackenzie
26%
3 672Murray
22%
3 185Yukon
22%
3 058Saint Lawrence
17%
3 180São Francisco
13%
3 078Syrdarja
13%
3 060Salween
12%
3 650Tocantins
12%
2 809Iravadi
10%

Tulosjakauma

Persentiili vastausten määrän mukaan

Jokaisen tuloksen saaneiden osuus

Tuloshistoriasi

Et ole pelannut tätä visaa